000 00397pab a2200145 454500
008 180718b1991 xxu||||| |||| 00| 0 eng d
100 _aKennaway, Richard
245 _aNew Zealand and environmental issues
_bThe growing international dimension
260 _c1991
300 _a59-73
362 _aJan.
650 _aEnvironmental Policy - New Zealand
773 _aThe Round Table
909 _a7787
999 _c7787
_d7787